000 00700cam a2200193 4500
001 WB3644-31
008 000000n2000 000 0 eng u
035 _a(Sirsi) u109221
245 _aBoost for govt regional offices
260 _c2000
490 _aUrban Environment Today
_v 2 November 2000, 1(1)
520 _aGovernment regional offices are to be given wider control over major regeneration programmes currently managed by individual government departments , under an action plan published by the Regional Coordination Unit.
590 _aWB
650 _aREGIONAL OFFICES
650 _aREGENERATION PROGRAMMES
650 _aGOVERNMENT POLICY
690 _aREGENERATION
942 _n0
999 _c65199
_d65199